| 000 | 02070nam a22003497a 4500 | ||
|---|---|---|---|
| 001 | 103814 | ||
| 003 | KnowledgeUnlatched | ||
| 005 | 20210303105040.0 | ||
| 006 | m o d | ||
| 007 | cr u|||||||||| | ||
| 008 | 210129p20162019gw o u00| u ger d | ||
| 037 | _5BiblioBoard | ||
| 245 | 0 | 0 |
_aVolk oder Religion? _bDie Entstehung moderner jüdischer Ethnizität in Frankreich und Deutschland 1782-1848 / _cPhilipp Lenhard. |
| 020 | _a9783666310256 | ||
| 029 | 1 | _ahttps://library.biblioboard.com/ext/api/media/f9ce57a8-a0ca-4de8-b191-6bbb522118e9/assets/thumbnail.jpg | |
| 040 |
_aScCtBLL _cScCtBLL |
||
| 100 | 1 |
_aLenhard, Philipp _eauthor. |
|
| 264 | 1 | _bVandenhoeck & Ruprecht, | |
| 300 | _a1 online resource (414 p.) | ||
| 506 | 0 |
_aAccess copy available to the general public. _fUnrestricted _2star |
|
| 520 | _aMit der Durchsetzung der Nationalstaatsidee seit dem ausgehenden 18. Jahrhundert geriet die traditionelle jüdische Gemeinschaft in Europa in eine Krise. Die jüdische Gemeindeautonomie wurde sukzessive abgeschafft, die Juden sollten jedes ethnische Bewusstsein ablegen und sich nur noch als »Glaubensgemeinschaft« verstehen. Während ein Teil der aufgeklärten jüdischen Elite daraufhin das Judentum in eine reine »Religion« zu transformieren versuchte, stellten andere dieser Reduktion bewusst ethnische Konzeptionen gegenüber. Die Studie untersucht die Entstehung dieser modernen jüdischen Ethnizität in Frankreich und Deutschland. | ||
| 588 | 0 | _aDescription based on print version record. | |
| 590 | _aKU Open Services | ||
| 650 | 7 |
_aHistory / Europe _2bisacsh |
|
| 650 | 0 | _aHistory | |
| 655 | 0 | _aElectronic books. | |
| 758 |
_iIs found in: _aKnowledge Unlatched _1https://openresearchlibrary.org/module/2774bc74-146a-484f-a7ba-ab1d6a09bbfb |
||
| 856 | 4 | 0 |
_uhttps://openresearchlibrary.org/content/f9ce57a8-a0ca-4de8-b191-6bbb522118e9 _zView this content on Open Research Library. _70 |
| 999 |
_c33396 _d33396 |
||